<?xml version="1.0" encoding="UTF-8"?>
<record
    xmlns:xsi="http://www.w3.org/2001/XMLSchema-instance"
    xsi:schemaLocation="http://www.loc.gov/MARC21/slim http://www.loc.gov/standards/marcxml/schema/MARC21slim.xsd"
    xmlns="http://www.loc.gov/MARC21/slim">

  <leader>01119cam9a220024100 4500</leader>
  <controlfield tag="001">lce00686643</controlfield>
  <controlfield tag="008">690925c19681937nyuac    b    001 0 eng  </controlfield>
  <datafield tag="010" ind1=" " ind2=" ">
    <subfield code="a">   69013914</subfield>
  </datafield>
  <datafield tag="035" ind1=" " ind2=" ">
    <subfield code="a">(Sirsi) r110523</subfield>
  </datafield>
  <datafield tag="035" ind1=" " ind2=" ">
    <subfield code="a">(DLC)   69013914</subfield>
  </datafield>
  <datafield tag="035" ind1=" " ind2=" ">
    <subfield code="a">(UPRA)lce00686643</subfield>
  </datafield>
  <datafield tag="050" ind1="0" ind2=" ">
    <subfield code="a">JS708</subfield>
    <subfield code="b">.G6 1968b</subfield>
  </datafield>
  <datafield tag="082" ind1=" " ind2=" ">
    <subfield code="a">320.9/773/11</subfield>
  </datafield>
  <datafield tag="100" ind1="1" ind2=" ">
    <subfield code="a">Gosnell, Harold Foote, 1896-</subfield>
    <subfield code="d">Gosnell, Harold Foote, 1896-</subfield>
    <subfield code="6">A70353.1</subfield>
  </datafield>
  <datafield tag="245" ind1="1" ind2="0">
    <subfield code="a">Machine politics: Chicago model,</subfield>
    <subfield code="c">by Harold F. Gosnell. Foreword by William F. Ogburn.</subfield>
  </datafield>
  <datafield tag="260" ind1=" " ind2=" ">
    <subfield code="a">New York,</subfield>
    <subfield code="b">Greenwood Press</subfield>
    <subfield code="c">[1968, c1937]</subfield>
  </datafield>
  <datafield tag="504" ind1=" " ind2=" ">
    <subfield code="a">Bibliography: p. 214-219.</subfield>
  </datafield>
  <datafield tag="650" ind1=" " ind2="0">
    <subfield code="a">Politics, Practical.</subfield>
    <subfield code="6">S32026.1</subfield>
  </datafield>
  <datafield tag="651" ind1=" " ind2="0">
    <subfield code="a">Chicago (Ill.) -- Politics and government -- To 1950.</subfield>
    <subfield code="x">Chicago (Ill.) -- Politics and government -- To 1950.</subfield>
    <subfield code="y">Chicago (Ill.) -- Politics and government -- To 1950.</subfield>
    <subfield code="6">S53109.1</subfield>
  </datafield>
  <datafield tag="651" ind1=" " ind2="0">
    <subfield code="a">Chicago (Ill.) -- Politics and government -- 1951-</subfield>
    <subfield code="x">Chicago (Ill.) -- Politics and government -- 1951-</subfield>
    <subfield code="y">Chicago (Ill.) -- Politics and government -- 1951-</subfield>
    <subfield code="6">S53110.1</subfield>
  </datafield>
  <datafield tag="949" ind1=" " ind2=" ">
    <subfield code="a">JS708</subfield>
    <subfield code="w">lcc</subfield>
    <subfield code="i">33729001760227</subfield>
    <subfield code="m">MAIN</subfield>
    <subfield code="p">2500</subfield>
    <subfield code="t">BOOK</subfield>
    <subfield code="l">ON-SHELF</subfield>
  </datafield>
  <controlfield tag="004">110523</controlfield>
  <datafield tag="999" ind1=" " ind2=" ">
    <subfield code="c">182440</subfield>
    <subfield code="d">182440</subfield>
  </datafield>
</record>
